00896nam a2200229 a 4500008004100000020003200041040002500073041001300098080002900111080002200140080002200162080001100184245012500195250001300320260005300333300002900386500016100415700003000576700002500606700002400631044001100655951123s1984||||[C 0 slo c c85 Kčs. q(18000 výtl.) aSNKbslocSNKeAACR21 aslohslo a943.76:323.26"1944/1945" a323.26"1944/1945" a323.26"1944/1945" a943.7610aDejiny Slovenského národného povstania 1944. 3. zvbDokumenty ; Marta Vartíková, Milan Veselý, Viliam Plevza a1., vyd. aBratislavabPravdac1984eBratislavafSvornosť a675 s., 113,35 AHc27 cm aRozlož. tit. list. Men. reg. Prebal vytl. Pravda, Bratislava. Knihársky sprac. Polygrafické závody Trnava. 1. vyd. 10000 výtl., dotl. 8000 výtl.1 aVartíková, Marta4com1 aVeselý, Milan4bkd1 aPlevza, Viliam4oth axocSK